000 00359nam a2200145Ia 4500
008 230917s9999||||xx |||||||||||||| ||und||
040 _e100262
_aMAIN
041 _aEnglish
082 _a359.00951 K837C
100 _aKondapalli, Srikanth
245 0 _aChina's naval power
260 _aNew Delhi
_bKnowledge World
_c2001
300 _a252 p.
942 _cBK
999 _c117417
_d117417